Lexi Holdings plc v Garth Scott Stainforth (Record no. 77440)
[ view plain ]
| 000 -LEADER | |
|---|---|
| fixed length control field | 01689cab a2200193 4500 |
| 001 - CONTROL NUMBER | |
| control field | ##L134304 |
| 008 - FIXED-LENGTH DATA ELEMENTS--GENERAL INFORMATION | |
| fixed length control field | 060725n2006 000 0 eng u |
| 035 ## - SYSTEM CONTROL NUMBER | |
| System control number | (Sirsi) u134304 |
| 041 0# - LANGUAGE CODE | |
| Language code of text/sound track or separate title | eng |
| 245 00 - TITLE STATEMENT | |
| Title | Lexi Holdings plc v Garth Scott Stainforth |
| 260 ## - PUBLICATION, DISTRIBUTION, ETC. | |
| Date of publication, distribution, etc. | 2006 |
| 520 ## - SUMMARY, ETC. | |
| Summary, etc. | [2006] EWCA Civ 998, 17 July 2006. Concerns the discharging by agreement of the liability for a short-term loan used to purchase a tenanted residential property. Appeal by L against the decision that S's liability for a loan had been discharged by agreement. S had obtained a short-term loan from L to purchase a tenanted residential property. S got into financial difficulties over the loan and asked L if they knew of any potential purchaser of the property. L and S entered into an exclusive sales agreement with an investor known to L. L sought to rescind the agreement and demanded repayment from S who asserted that he had been released from any liability pursuant to the exclusive sales agreement. "Held": appeal dismissed. The liability for S's short-term loan had in the circumstances been discharged by agreement. The effect of clause 4 of the agreement and its wording, relinquishing all rights, was that S had to transfer to L all his beneficial interest in the property and that by implication at least his liability was discharged at the same time. |
| 590 ## - LOCAL NOTE (RLIN) | |
| Local note | IKA010806 |
| 650 24 - SUBJECT ADDED ENTRY--TOPICAL TERM | |
| Topical term or geographic name entry element | LEXI HOLDINGS PLC V STAINFORTH |
| 651 #4 - SUBJECT ADDED ENTRY--GEOGRAPHIC NAME | |
| Geographic name | England and Wales |
| Chronological subdivision | 1543- |
| 690 ## - LOCAL SUBJECT ADDED ENTRY--TOPICAL TERM (OCLC, RLIN) | |
| Topical term or geographic name as entry element | PROPERTY-RESIDENTIAL PROPERTY-RESIDENTIAL PROPERTY FINANCE AND INVESTMENT |
| 856 40 - ELECTRONIC LOCATION AND ACCESS | |
| Uniform Resource Identifier | <a href="https://www.bailii.org/ew/cases/EWCA/Civ/2006/988.html">https://www.bailii.org/ew/cases/EWCA/Civ/2006/988.html</a> |
| Public note | View the judgment free of charge at www.bailli.org... |
| 942 ## - ADDED ENTRY ELEMENTS (KOHA) | |
| Suppress in OPAC | 0 |
| Withdrawn status | Lost status | Source of classification or shelving scheme | Damaged status | Not for loan | Home library | Current library | Shelving location | Date acquired | Total Checkouts | Full call number | Barcode | Date last seen | Copy number | Price effective from | Koha item type |
|---|---|---|---|---|---|---|---|---|---|---|---|---|---|---|---|
| Dewey Decimal Classification | Virtual | Virtual | Online | 25/07/2006 | ONLINE PUBLICATION | 134304-2001 | 06/08/2019 | 1 | 06/08/2019 | Law report |